Socialismo / J. Ramsay MacDonald ; traducido por Manuel Sánchez Sarto
Descripción Física:
236 p., VIII làm., [11] làm. ; 19 cm
Otros Autores:
Sánchez Sarto, Manuel, tr
MARC
| LEADER | 00000nam a2200000Ia 4500 | ||
|---|---|---|---|
| 001 | 1012 | ||
| 008 | 160829s1931 xx 000 0 cat d | ||
| 080 | |a M-3-37 | ||
| 100 | |a MacDonald, J. Ramsay |9 34415 | ||
| 245 | |a Socialismo / J. Ramsay MacDonald ; traducido por Manuel Sánchez Sarto | ||
| 250 | |a 2a ed., 1a reimp. | ||
| 260 | |a Barcelona : |b Labor, |c 1931 | ||
| 300 | |a 236 p., VIII làm., [11] làm. ; |c 19 cm | ||
| 490 | |a Colección Labor: Biblioteca de iniciación cultural : Sección IX : Política ; 67 | ||
| 650 | |a Socialisme |9 33371 | ||
| 650 | |a Política |9 23804 | ||
| 700 | |a Sánchez Sarto, Manuel, tr. |9 34414 | ||
| 901 | |a Arxiu | ||
| 942 | |n 1 | ||
| 952 | |0 0 |1 0 |4 0 |6 M337 |7 1 |9 46503 |a Arxiu |b Arxiu |d 2016-12-01 |l 0 |o M-3-37 |p 1012 |r 2016-12-01 00:00:00 |w 2016-12-01 |y ARXIU | ||
| 999 | |c 50294 |d 50294 | ||